000 00897nam a2200265 i 4500
001 000046438
003 DO-SdBNP
005 20250811094636.0
007 ta
008 150814s2011 dr c 000 0 spa d
020 _a9789993467663
040 _aDO-SdBNP
_bSpa
_cBNPHU
_erda
041 _aspa
082 4 _axxx
_bR282d
_222
100 _aRead Hopelman, Sonia
_eautor
_4aut.
_940370
245 1 0 _aDoña Lourdes maestra de generaciones :
_bmemorias /
_cRead Hoepelman ; prólogo, Yvelise Prats Ramírez de Pérez.
264 1 _aSanto Domingo :
_bSoto Impresora, S. A.,
_c2011.
300 _a151 páginas :
_bilustraciones, retratos;
_c22 cm.
336 _atexto
_btxt
_2rdacontent
337 _asin mediación
_bn
_2rdamedia
338 _avolumen
_bnc
_2rdacarrier
590 _aInventariado, 2025/BT
700 1 2 _aPrats-Ramírez Pérez, Yvelisse de,
_eprologuista
_925177
_4pr.
942 _2ddc
_cLBS1
999 _c45927
_d45927